00186nam a2200073Ia 4500008004100000082001500041100001600056245004000072240331s9999 xx 000 0 und d a299.9bMUL aMuller, F.M 0aTheosophy or psychologycal religion